000 00550nam a2200229Ia 4500
005 20260320201530.0
008 008 262003s9999 xx 000 0 eng d
037 _aEBOOK
040 _aCRL
040 _beng
040 _cCRL
041 _2eng
041 _aeng
084 _qCRL
100 _aSegers
_91125852
245 0 _aAnalysis Techniques for Racecar Data Acquisition
260 _bIEEE
856 _uhttps://ieeexplore.ieee.org/servlet/opac?bknumber=8522114
942 _cEBOOK
999 _c1721842
_d1721842